Top 100 des prénoms les plus portés [1900-2023] - Statistiques

Statistiques générales
  • Ce quiz a été pris 835 fois
  • Le résultat moyen est 32 sur 100
Statistiques - réponses
Réponse % Correct
2 Jean
84%
1 Marie
79%
8 Louis
71%
15 Paul
69%
3 Pierre
66%
86 Julie
63%
4 Michel
56%
25 François
52%
52 Louise
50%
35 Anne
48%
11 Jacques
48%
93 Léa
48%
70 Marc
47%
20 Nicolas
45%
54 Thomas
45%
51 Antoine
44%
32 Christophe
44%
6 Jeanne
44%
26 Patrick
44%
36 Julien
43%
21 Christian
42%
7 Philippe
42%
18 Claude
41%
23 Françoise
40%
46 Alexandre
39%
28 Nathalie
39%
43 Stéphane
39%
13 Bernard
37%
92 Camille
37%
66 Dominique
37%
69 Stéphanie
37%
5 André
36%
55 Christine
36%
41 Eric
36%
38 Laurent
36%
64 Sophie
36%
34 sylvie
36%
31 Isabelle
35%
91 Lucie
35%
56 Olivier
35%
65 Charles
34%
10 Alain
33%
14 Daniel
33%
42 David
33%
44 Pascal
32%
63 Valérie
32%
27 Catherine
31%
39 Frédéric
31%
98 Gabriel
31%
67 Sandrine
31%
100 Emilie
30%
19 Henri
30%
87 Jean-Pierre
30%
73 Vincent
30%
29 Gérard
29%
50 Thierry
29%
72 Véronique
29%
47 Sébastien
28%
90 Annie
27%
22 Georges
27%
53 Hélène
27%
77 Maxime
27%
48 Nicole
27%
94 Patricia
27%
9 René
27%
17 Robert
27%
68 Céline
26%
78 Guillaume
26%
40 Martine
26%
24 Monique
26%
75 Yves
26%
71 Didier
25%
30 Joseph
25%
95 Alice
24%
99 Brigitte
24%
61 Christiane
24%
12 Marcel
23%
74 Chantal
22%
80 Bruno
21%
33 Jacqueline
21%
37 Maurice
20%
16 Roger
20%
96 Albert
19%
85 Andrée
19%
60 Denise
19%
57 Raymond
18%
81 Simone
18%
59 Guy
17%
97 Yvette
17%
82 Serge
16%
45 Madeleine
15%
88 Paulette
15%
79 Renée
15%
84 Lucien
14%
49 Suzanne
12%
62 Yvonne
12%
83 Jeannine
10%
76 Marcelle
10%
58 Marguerite
9%
89 Germaine
5%
Aucun quiz correspondant
Distribution des résultats
% des personnes avec chaque résultat
Percentile par nombre de réponses
Votre historique - résultats
Vous n’avez pas pris ce quiz